000 005210000a22002050004500
003 LK-CoMWRAF
005 20231109105308.0
008 230817t1999 ||||| |||| 00| 0 eng d
020 _a9559170201
040 _aLK-CoMWRAF
_dLK-CoMWRAF
_eLK-CoMWRAF
041 _aeng
082 _a954.93
_bPAR
100 _aParanavitana, Senerat
245 _aSinhalayo
250 _a4th ed.
260 _aBoralesgamuwa:
_bVisidunu,
_c1999
300 _a61 p. ill. 28 cm.
650 _aSRI LANKA-Civilization -History
942 _cBK
999 _c3142
_d3142